000 01020 a2200241 4500
020 _a069112826X
020 _a9780691128269
082 0 4 _a530
090 _c856
_d856
100 _aBuchwald, Diana Kormos.
245 1 4 _aThe collected papers of albert einstein.
_nVolume 10 :
_bthe berlin years :
_bcorrespondence, may-december 1920, and supplementary correspondence, 1909-1920. ... /
_cDiana Kormos Buchwald, Tilman Sauer, Ze'ev Rosenkranz, Jozsef Illy, Virginia Iris Holmes.
260 _a[S.l.] :
_bPrinceton University Press,
_c2006.
300 _a384 p. ;
_c26 cm.
490 1 _aCollected papers of albert einstein) (V. 10.
700 1 _aBuchwald, Diana Kormos.
700 1 _aSauer, Tilman.
700 1 _aRosenkranz, Ze'ev.
700 1 _aIlly, Jozsef.
700 1 _aHolmes, Virginia Iris.
830 0 _aCollected papers of albert einstein) (V. 10.
942 _aSNS
_cBK
_k530 KOR
999 _c29479
_d29479